Statistics for Canada Provinces and Territories - Backwards

Click here to take the quiz!

General Stats

  • This quiz has been taken 11 times
  • The average score is 9 of 13

Answers on the Map

Answers color-coded by a green-red scale on the quiz's map according to % correct below.
Loading ...
 

Answer Stats

Province / Territory% Correct
Oiratno
100%
Atrebla
100%
Cebeuq
90%
Nokuy
90%
Aitocs Avon
70%
Tuvanun
70%
Aibmuloc Hsitirb
60%
Abotinam
60%
Seirotirret tsewhtron
60%
RodarbaL dna Dnaldnuofwen
50%
Nawehctaksas
50%
KciwsnurB Wen
40%
Dnalsi Drawde Ecnirp
30%

Score Distribution

Percentile by Number Answered

Percent of People with Each Score

Your Score History

You have not taken this quiz